The new complete guitarist (Record no. 250055)

MARC details
000 -LEADER
fixed length control field 00270nam a2200097Ia 4500
082 ## - DEWEY DECIMAL CLASSIFICATION NUMBER
Classification number 787.8707 CHAP
008 - FIXED-LENGTH DATA ELEMENTS--GENERAL INFORMATION
fixed length control field 210817s9999 xx 000 0 und d
100 ## - MAIN ENTRY--PERSONAL NAME
Personal name CHAPMAN, Richard London, 2003 Rev. ed
9 (RLIN) 75545
245 #0 - TITLE STATEMENT
Title The new complete guitarist
942 ## - ADDED ENTRY ELEMENTS
item type Books
Holdings
Withdrawn status Lost status Damaged status Not for loan Home library Current library Date acquired Cost, normal purchase price Total Checkouts Barcode Date last seen Price effective from item type
        Secunda Secunda 18.08.2021 225.00   33228019083599 18.08.2021 18.08.2021 Books